ՀՀ Գիտությունների ազգային ակադեմիայի հիմնարար գիտական գրադարան  =   Fundamental Scientific Library of NAS RA

Нефть / (Record no. 484581)

MARC details
000 -LEADER
fixed length control field 00517nam-a2200169-a-4500
001 - CONTROL NUMBER
control field 000131460
003 - CONTROL NUMBER IDENTIFIER
control field AM-YeHGA
005 - DATE AND TIME OF LATEST TRANSACTION
control field 20250617162203.0
008 - FIXED-LENGTH DATA ELEMENTS--GENERAL INFORMATION
fixed length control field 990422s1947 xxu 000 0 rus u
040 ## - CATALOGING SOURCE
Original cataloging agency AM-YeHGA
090 ## - LOCALLY ASSIGNED LC-TYPE CALL NUMBER (OCLC); LOCAL CALL NUMBER (RLIN)
-- 487946
100 10 - MAIN ENTRY--PERSONAL NAME
Personal name Тихонравов, Н.В.
245 10 - TITLE STATEMENT
Title Нефть /
Statement of responsibility, etc. Н.В. Тихонравов.
260 0# - PUBLICATION, DISTRIBUTION, ETC.
Place of publication, distribution, etc. Л.,
-- Москва :
Name of publisher, distributor, etc. Гостоптехиздат. Ленингр. отд-ние ,
Date of publication, distribution, etc. 1947.
300 ## - PHYSICAL DESCRIPTION
Extent 156 с.
650 14 - SUBJECT ADDED ENTRY--TOPICAL TERM
Topical term or geographic name entry element Органическая химия
Holdings
Withdrawn status Lost status Source of classification or shelving scheme Damaged status Not for loan Collection Home library Current library Date acquired Total checkouts Full call number Barcode Date last seen Price effective from Koha item type Public note
    Universal Decimal Classification     General Fundamental Scientific Library Fundamental Scientific Library 02/04/2019   РД II/56215 FL0569655 02/04/2019 02/04/2019 Գրքեր / Books 30 Days Load


ՀՀ ԳԱԱ հիմնարար գիտական գրադարան
ՀՀ,Երևան 0019
Մարշալ Բաղրամյան 24/6
հեռախոս:(374-10) 52-47-50
Հետադարձ կապ

All site content, except where otherwise noted, is licensed under a
Creative Commons License